[Event "wyco2016"]
[Site "?"]
[Date "2016.07.23"]
[Round "3.12"]
[White "Limanovska, Elizabete"]
[Black "Kovacs, Judit"]
[Result "0-1"]
[BlackElo "2114"]
[WhiteElo "1929"]
[LiveChessVersion "1.4.6"]

1. e4 {[%clk 1:30:59]} c5 {[%clk 1:30:54]} 2. Nf3 {[%clk 1:31:25]} e6
{[%clk 1:31:16]} 3. d4 {[%clk 1:31:52]} cxd4 {[%clk 1:31:39]} 4. Nxd4
{[%clk 1:32:17]} a6 {[%clk 1:32:01]} 5. Nc3 {[%clk 1:32:39]} Qc7 {[%clk 1:32:12]}
6. Bd3 {[%clk 1:31:40]} Nf6 {[%clk 1:32:19]} 7. O-O {[%clk 1:31:02]} Bc5
{[%clk 1:31:17]} 8. Nb3 {[%clk 1:29:21]} Be7 {[%clk 1:31:35]} 9. f4
{[%clk 1:23:09]} d6 {[%clk 1:31:15]} 10. a4 {[%clk 1:17:22]} Nbd7
{[%clk 1:28:42]} 11. Qe2 {[%clk 1:13:22]} O-O {[%clk 1:25:55]} 12. Be3
{[%clk 1:09:38]} b6 {[%clk 1:22:10]} 13. Bf2 {[%clk 0:50:23]} Bb7
{[%clk 1:17:27]} 14. Rfe1 {[%clk 0:47:34]} e5 {[%clk 1:12:05]} 15. f5
{[%clk 0:45:20]} d5 {[%clk 1:09:27]} 16. Nxd5 {[%clk 0:44:28]} Nxd5
{[%clk 1:07:17]} 17. exd5 {[%clk 0:44:49]} Bxd5 {[%clk 1:07:36]} 18. Be4
{[%clk 0:39:25]} Bxe4 {[%clk 0:56:06]} 19. Qxe4 {[%clk 0:39:51]} Nf6
{[%clk 0:56:26]} 20. Qe2 {[%clk 0:36:50]} Bd6 {[%clk 0:51:34]} 21. c3
{[%clk 0:34:51]} Rfe8 {[%clk 0:48:23]} 22. g3 {[%clk 0:31:31]} h5
{[%clk 0:43:12]} 23. Nd2 {[%clk 0:29:12]} Bc5 {[%clk 0:26:55]} 24. Ne4
{[%clk 0:28:13]} Nxe4 {[%clk 0:26:59]} 25. Qxe4 {[%clk 0:28:36]} Bxf2+
{[%clk 0:27:02]} 26. Kxf2 {[%clk 0:29:05]} Rad8 {[%clk 0:25:29]} 27. Rad1
{[%clk 0:28:00]} Rd7 {[%clk 0:21:41]} 28. Rxd7 {[%clk 0:26:05]} Qxd7
{[%clk 0:21:58]} 29. Kg2 {[%clk 0:22:48]} a5 {[%clk 0:17:14]} 30. Re2
{[%clk 0:18:17]} f6 {[%clk 0:15:29]} 31. b3 {[%clk 0:17:56]} Rc8 {[%clk 0:13:29]}
32. c4 {[%clk 0:16:27]} Rc6 {[%clk 0:12:35]} 33. Qf3 {[%clk 0:14:15]} h4
{[%clk 0:12:12]} 34. gxh4 {[%clk 0:14:22]} Rd6 {[%clk 0:12:31]} 35. Re3
{[%clk 0:12:35]} Rd4 {[%clk 0:11:39]} 36. Rc3 {[%clk 0:08:27]} e4
{[%clk 0:06:42]} 37. Qf4 {[%clk 0:06:49]} Rd2+ {[%clk 0:06:44]} 38. Kg1
{[%clk 0:06:14]} Qd4+ {[%clk 0:06:57]} 39. Qe3 {[%clk 0:06:17]} Rd1+
{[%clk 0:07:13]} 40. Kg2 {[%clk 0:06:03]} Qe5 {[%clk 0:06:59]} 41. Qe2
{[%clk 0:05:18]} Rd4 {[%clk 0:02:53]} 42. Qe3 {[%clk 0:04:25]} Rd6
{[%clk 0:03:18]} 43. Rc2 {[%clk 0:01:28]} Qxf5 {[%clk 0:03:26]} 44. Re2
{[%clk 0:01:21]} Qg4+ {[%clk 0:03:08]} 45. Kf2 {[%clk 0:01:42]} Qxh4+
{[%clk 0:02:59]} 46. Qg3 {[%clk 0:02:10]} Qxg3+ {[%clk 0:03:19]} 47. hxg3
{[%clk 0:02:39]} f5 {[%clk 0:03:38]} 48. g4 {[%clk 0:02:44]} g6 {[%clk 0:03:56]}
49. gxf5 {[%clk 0:03:10]} gxf5 {[%clk 0:04:19]} 50. Rc2 {[%clk 0:03:20]} Kf7
{[%clk 0:03:42]} 51. c5 {[%clk 0:01:16]} Rc6 {[%clk 0:04:03]} 52. Ke3
{[%clk 0:01:45]} Rxc5 {[%clk 0:04:13]} 53. Rh2 {[%clk 0:02:09]} Rc3+
{[%clk 0:03:45]} 54. Kf4 {[%clk 0:02:30]} Kg6 {[%clk 0:04:06]} 55. Ke5
{[%clk 0:02:23]} Rf3 {[%clk 0:03:06]} 56. Rg2+ {[%clk 0:02:31]} Kf7
{[%clk 0:03:14]} 57. Rc2 {[%clk 0:02:33]} e3 {[%clk 0:02:39]} 58. Rc7+
{[%clk 0:01:44]} Kg6 {[%clk 0:02:56]} 59. Rc6+ {[%clk 0:02:00]} Kg5
{[%clk 0:03:19]} 60. Re6 {[%clk 0:02:27]} Rf4 61. Kd6 0-1